Normal view
MARC view
- Getis, Arthur
Entry Personal Name
001 - CONTROL NUMBER
- control field: 37554
003 - CONTROL NUMBER IDENTIFIER
- control field: NUST
005 - DATE AND TIME OF LATEST TRANSACTION
- control field: 20210314130317.0
008 - FIXED-LENGTH DATA ELEMENTS
- fixed length control field: 210314|| aca||aabn | a|a d
040 ## - CATALOGING SOURCE
- Original cataloging agency: NUST
- Transcribing agency: NUST
100 ## - HEADING--PERSONAL NAME
- Personal name: Getis, Arthur
670 ## - SOURCE DATA FOUND
- Source citation: Work cat.: (NUST): Fellmann, Jerome Donald, 37553, Human geography :, c1999.
